000 00380nam a2200157 a 4500
001 2763
005 20140414131904.0
008 050928s19uu xx 00 eng d
020 _a0-7868-4036-6
050 _aFIC
_bIn4 1995
100 _aGina Ingoglia
245 _aPocahontas.
260 _aNew York :
_bDisney Press,
_c1995.
300 _a79 p. : ill. ; cm.
999 _c110853
_d110853